| 000 | 01092nam a2200277 a 4500 | ||
|---|---|---|---|
| 001 | 000021320 | ||
| 005 | 20240412074250.0 | ||
| 008 | 100906s2003 pr 000 0bspa d | ||
| 020 | _a1932271147 | ||
| 040 |
_aDO-SdBNP _bspa _cBNPHU |
||
| 082 |
_aPR868 .3 _bH831zr |
||
| 100 | 1 |
_aRosa, Richard _944556 |
|
| 245 | 1 | 4 |
_aLos fantasmas de la razón : _buna lectura material de Hostos / _cRichard Rosa. |
| 260 |
_aSan Juan, Puerto Rico : _bIsla Negra, _c2003. |
||
| 300 |
_a252 p. ; _c23 cm. |
||
| 490 | 1 | _aVisiones y cegueras | |
| 500 | _aIncluye notas al pie de las páginas. | ||
| 504 | _aBibliografía : p. 241-252 | ||
| 600 | 1 | 4 |
_aHOSTOS Y BONILLA, EUGENIO MARÍA, _d1839-1903 _xCRÍTICA E INTERPRETACIÓN _944557 |
| 600 | 1 | 4 |
_aHOSTOS Y BONILLA, EUGENIO MARÍA, _d1839-1903 _tLA PEREGRINACIÓN DE BAYOÁN _xCRÍTICA E INTERPRETACIÓN _944558 |
| 650 | 4 |
_aNovela puertorriqueña _xCrítica e interpretación _944559 |
|
| 650 | 4 |
_aEnsayos puertorriqueños _98892 |
|
| 650 | 0 |
_aLiteratura dominicana. _967 |
|
| 830 | 0 |
_aVisiones y ceguera _944560 |
|
| 910 | _aValidado. Control de calidad BNPHU | ||
| 999 |
_c20820 _d20820 |
||